Statistics for 20 Tallest Buildings

Click here to take the quiz!

General Stats

  • This quiz has been taken 2 times
  • The average score is 5 of 19

Answer Stats

HeightCountryAnswer% Correct
828 mUnited Arab EmiratesBurj Khalifa
100%
541 mUnited StatesOne World Trade Center
100%
508 mTaiwanTaipei 101
100%
555 mSouth KoreaLotte World Tower
50%
452 mMalaysiaPetronas Twin Towers
50%
632 mChinaShanghai Tower
50%
452 mChinaChangsha IFS Tower T1
0%
528 mChinaCITIC Tower
0%
530 mChinaGuangzhou CTF Finance Center
0%
484 mChinaInternational Commerce Center
0%
462 mRussiaLakhta Center
0%
601 mSaudi ArabiaMakkah Royal Clock Tower
0%
599 mChinaPing An Finance Center
0%
492 mChinaShanghai World Financial Center
0%
450 mChinaSuzhou IFS
0%
445 mMalaysiaThe Exchange 106
0%
530 mChinaTianjin CTF Finance Center
0%
461 mVietnamVincom Landmark 81
0%
450 mChinaZifeng Tower
0%

Score Distribution

Percentile by Number Answered

Percent of People with Each Score

Your Score History

You have not taken this quiz